Statistics for Blackpool Pleasure Beach Roller Coasters

Click here to take the quiz!

General Stats

  • This quiz has been taken 102 times
  • The average score is 7 of 10

Answer Stats

HintAnswer% Correct
1994The Big One
95%
2018Icon
85%
1923Big Dipper
83%
1935Grand National
76%
2007Infusion
67%
1979Revolution
67%
1977Steeplechase
58%
1988Avalanche
55%
1933Nickelodeon Streak
52%
1934Blue Flyer
44%

Score Distribution

Percentile by Number Answered

Percent of People with Each Score

Your Score History

You have not taken this quiz